Some Bad Arguments for and Against Conventionalism (Record no. 530328)
[ view plain ]
| 000 -CABECERA | |
|---|---|
| Campo de control de longitud fija | 00507nab a2200145Ia 4500 |
| 003 - IDENTIFICADOR DEL NÚMERO DE CONTROL | |
| Campo de control | ES-SlBCS |
| 005 - FECHA Y HORA DE LA ÚLTIMA TRANSACCIÓN | |
| Campo de control | 20210601125433.0 |
| 008 - CÓDIGOS DE INFORMACIÓN DE LONGITUD FIJA | |
| Campo de control de longitud fija | 140529s1979 xxu||||| |||| 00| 0 eng d |
| 041 ## - CÓDIGO DE LENGUA | |
| Código de lengua del texto/banda sonora o título independiente | eng |
| 100 1# - PUNTO DE ACCESO PRINCIPAL-NOMBRE DE PERSONA | |
| Nombre de persona | Routley, Richard |
| 9 (RLIN) | 151853 |
| 245 00 - MENCIÓN DE TÍTULO | |
| Título | Some Bad Arguments for and Against Conventionalism |
| Mención de responsabilidad, etc. | Richard Routley |
| 650 04 - PUNTO DE ACCESO ADICIONAL DE MATERIA-TÉRMINO DE MATERIA | |
| Término de materia o nombre geográfico como elemento inicial | Convencionalismo-Lógica |
| 9 (RLIN) | 158628 |
| 773 0# - ENLACE AL DOCUMENTO FUENTE | |
| Título | Rassegna Internazionale di Logica (Cfr. International Logic Review) |
| Parte(s) relacionada(s) | vol. 10, nº. 19-20, 1979, págs. 84-90 |
| Número de control del registro relacionado | Rev926 |
| 942 ## - ENTRADA DE ELEMENTOS AGREGADOS (KOHA) | |
| Koha [por defecto] tipo de item | Artículos de revista |
| Suprimido | Perdido | Estropeado | No para préstamo | Localización permanente | Localización actual | Localización en estantería | Fecha adquisición | Préstamos totales | Fecha última consulta | Fecha del precio de reemplazo | Tipo de item de Koha |
|---|---|---|---|---|---|---|---|---|---|---|---|
| San Esteban | San Esteban | Depósito de revistas | 11/07/2014 | 11/07/2014 | 11/07/2014 | Artículos de revista |
